|
|
|
|
| LEADER |
00968nam a2200241 a 4500 |
| 001 |
2523789 |
| 008 |
091231s1993 enka b 001 0 eng d |
| 010 |
|
|
|a 93024661
|
| 020 |
|
|
|a 1856492273 (cloth)
|
| 020 |
|
|
|a 1856492281 (pbk.)
|
| 040 |
|
|
|a DLC
|c DLC
|d DLC
|d BD-DhAAL
|
| 082 |
0 |
0 |
|a 305.42
|2 20
|
| 245 |
0 |
0 |
|a Ours by right :
|b women's rights as human rights /
|c edited by Joanna Kerr.
|
| 260 |
|
|
|a London ;
|a Atlantic Highlands, N.J. :
|b Zed Books ;
|a Ottawa :
|b North-South Institute,
|c 1993.
|
| 300 |
|
|
|a xii, 180 p. :
|b ill. ;
|c 23 cm.
|
| 504 |
|
|
|a Includes bibliographical references (p. 168-169) and index.
|
| 541 |
1 |
|
|e 00005771
|
| 650 |
|
0 |
|a Women's rights.
|
| 650 |
|
0 |
|a Human rights.
|
| 700 |
1 |
|
|a Kerr, Joanna,
|d 1967-
|
| 852 |
4 |
|
|a Ayesha Abed Library
|j General shelf
|
| 999 |
|
|
|c 6651
|d 6651
|
| 952 |
|
|
|0 0
|1 0
|2 ddc
|4 0
|6 305_420000000000000_OUR_1993
|7 0
|9 6814
|a BRACUL
|b BRACUL
|c GEN
|d 2010-01-03
|g 2194.50
|l 2
|o 305.42 OUR
|p 3010005771
|r 2015-03-21
|s 2015-03-21
|t 1
|w 2010-01-03
|y BK
|